[Event "Lazne Bohdanec"]
[Site "Lazne Bohdanec"]
[Date "1997.??.??"]
[Round "10"]
[White "Blatny, Pavel"]
[Black "Polak, Tomas"]
[Result "0-1"]
[WhiteElo "2540"]
[BlackElo "2450"]

1.Nf3 Nf6 2.c4 e6 3.b3 b6 4.g3 Bb7 5.Bg2 Be7 6.Bb2 O-O 7.O-O d5 8.e3 c5 9.Nc3 Nbd7
10.d3 a6 11.Qc2 Qc7 12.h3 Rae8 13.e4 d4 14.Ne2 e5 15.g4 h5 16.g5 Nh7 17.h4 g6
18.Bc1 f6 19.gxf6 Ndxf6 20.Ng5 Nxg5 21.Bxg5 Nh7 22.Bh6 Rf7 23.f4 Bxh4 24.Qd2 Bc8
25.fxe5 g5 26.Bf3 Re6 27.Bxh5 Rxf1+ 28.Rxf1 Rxh6 29.Bf7+ Kh8 30.Nxd4 cxd4
31.Qb4 Qxe5 32.Bh5 Rxh5  0-1

[Event "Lazne Bohdanec"]
[Site "Lazne Bohdanec"]
[Date "1997.??.??"]
[Round "11"]
[White "Keitlinghaus, Ludger"]
[Black "Blatny, Pavel"]
[Result "1/2-1/2"]
[WhiteElo "2515"]
[BlackElo "2540"]

1.e4 c6 2.d4 g6 3.Nc3 d5 4.Nf3 Bg7 5.h3 Nf6 6.Bd3 dxe4 7.Nxe4 Nxe4 8.Bxe4 Nd7
9.O-O O-O 10.Re1 e5 11.Nxe5 Nxe5 12.dxe5 Qxd1 13.Rxd1 Bxe5 14.c3  1/2-1/2

[Event "New York op"]
[Site "New York"]
[Date "1997.??.??"]
[Round "?"]
[White "Epishin, Vladimir"]
[Black "Blatny, Pavel"]
[Result "1/2-1/2"]
[WhiteElo "2600"]
[BlackElo "2540"]

1.d4 d5 2.c4 e6 3.Nf3 Nf6 4.Nc3 Bb4 5.Bg5 h6 6.Bxf6 Qxf6 7.e3 Nc6 8.cxd5 exd5
9.Be2 O-O 10.O-O Bxc3 11.bxc3 b6 12.c4 dxc4 13.Bxc4 Rd8 14.Be2 Bb7 15.Rc1 Rac8
16.Rc3 Ne7 17.Qb3 a5 18.a3 Bd5 19.Qc2 Qe6 20.Nd2 Bb7 21.Bf3 Nd5 22.Rb3 Ba6
23.Rd1 c5 24.e4  1/2-1/2

[Event "New York op"]
[Site "New York"]
[Date "1997.??.??"]
[Round "?"]
[White "Chernin, Alexander"]
[Black "Blatny, Pavel"]
[Result "1/2-1/2"]
[WhiteElo "2635"]
[BlackElo "2540"]

1.c4 e6 2.Nc3 d5 3.d4 Bb4 4.cxd5 exd5 5.Bf4 Nf6 6.e3 c5 7.Bb5+ Bd7 8.Bxd7+ Qxd7
9.Ne2 cxd4 10.Qxd4 Nc6 11.Qd3 Ne4 12.O-O Bxc3 13.Nxc3 Nxc3 14.Qxc3 O-O 15.Rfd1 Rad8
16.Be5 Nxe5 17.Qxe5 Rfe8 18.Qd4 f6 19.Rac1 h6 20.Rc3 Re7 21.Qd2 Qe6 22.Rd3  1/2-1/2

[Event "World op"]
[Site "Philadelphia"]
[Date "1997.??.??"]
[Round "4"]
[White "Blatny, Pavel"]
[Black "Krays, Alexander"]
[Result "1-0"]
[WhiteElo "2555"]
[BlackElo "2375"]

1.Nf3 Nf6 2.b3 d5 3.g3 Bg4 4.Bg2 Nbd7 5.Bb2 e6 6.c4 c6 7.O-O Bd6 8.d3 Qe7
9.a3 a5 10.Nbd2 O-O 11.Qc2 e5 12.h3 Bxf3 13.Nxf3 Rfe8 14.e4 dxe4 15.dxe4 Bc5
16.Kh2 Qd8 17.Rfd1 Qc7 18.Bc3 Qb6 19.Rd2 Rad8 20.Rad1 Bxa3 21.Nxe5 Nxe5 22.Rxd8 Rxd8
23.Rxd8+ Qxd8 24.Bxe5 Nd7 25.Qd1 Qe7 26.Ba1 Qd6 27.Qg4 f6 28.f4 Bc5 29.e5 fxe5
30.fxe5 Qe7 31.h4 Nf8 32.Bh3 Qf7 33.Qf5 b5 34.cxb5 cxb5 35.Qc2 Ba7 36.Bg2 Kh8
37.Qc8 h6 38.Bc3 b4 39.e6 Qe7 40.Be5 Bc5 41.Bd5 Kh7 42.Qa6 Qd8 43.Qc4 Qe7
44.Qf4 Kg8 45.Qf5 Nh7 46.Qg6 Nf8 47.Qg4 Kh8 48.Qh5 Kg8 49.Kh3 Kh7 50.Qf5+ Kh8
51.Qf4 Kh7 52.Qf1 Kh8 53.Qa6 Ng6 54.Qc8+ Nf8 55.Qc6 Ng6 56.Bc7 h5 57.Bxa5 Bd6
58.Qc8+ Kh7 59.Qd8 Ne5 60.Bc7 Qxd8 61.Bxd8 Ng6 62.Be4 Kh6 63.Bg5+  1-0

[Event "GER-CupT 9697 sf"]
[Site "Porz"]
[Date "1997.??.??"]
[Round "?.3"]
[White "Blatny, Pavel"]
[Black "Bunzmann, Dimitrij"]
[Result "1-0"]
[WhiteElo "2540"]
[BlackElo "2385"]

1.Nf3 Nf6 2.c4 e6 3.g3 b6 4.Bg2 Bb7 5.b3 c5 6.Bb2 Be7 7.O-O O-O 8.Nc3 d6
9.d4 cxd4 10.Nxd4 Bxg2 11.Kxg2 a6 12.e4 Qc7 13.Qe2 Nbd7 14.Rad1 Rfe8 15.Rfe1 Bf8
16.Nc2 Qb7 17.f3 b5 18.cxb5 axb5 19.a3 Rec8 20.Rd2 Rab8 21.Red1 Ne8 22.Na2 Nc7
23.Ne3 Nc5 24.b4 Na4 25.Bd4 Nb6 26.Rc2 Qa6 27.Bxb6 Qxb6 28.Rdc1 Rb7 29.Rc6 Qa7
30.Nc2 Rd8 31.Nc3 Rd7 32.Ra1 Qa8 33.Nd4 Rb8 34.a4 e5 35.Rxc7 Rxc7 36.Ndxb5 Rcb7
37.Ra2 Rc8 38.Nd5 Rc1 39.Rc2 Rxc2 40.Qxc2 Qe8 41.Nbc7 Qd7 42.a5 Ra7 43.a6 Be7
44.b5  1-0

[Event "EU-chT (Men)"]
[Site "Pula"]
[Date "1997.??.??"]
[Round "1"]
[White "Rocha, Sergio"]
[Black "Blatny, Pavel"]
[Result "0-1"]
[WhiteElo "2405"]
[BlackElo "2540"]

1.e4 c6 2.d4 g6 3.Nc3 d5 4.Be3 Qa5 5.Bd3 dxe4 6.Bxe4 Nf6 7.Bf3 h5 8.Qd2 Bg4
9.O-O-O e6 10.Ne4 Qxd2+ 11.Rxd2 Nbd7 12.Ng5 Bxf3 13.N1xf3 Nd5 14.Re2 Nxe3
15.fxe3 Bh6 16.c3 Ke7 17.Kc2 f6 18.Ne4 g5 19.h4 g4 20.Ne1 Nf8 21.Nd3 Ng6
22.a4 Bf8 23.g3 f5 24.Nd2 Kd7 25.Nc4 b5 26.Nce5+ Nxe5 27.Nxe5+ Kc7 28.Ng6 Rh6
29.Nxf8 Rxf8 30.axb5 cxb5 31.Ra1 Kb7 32.Rf2 Rhf6 33.Raf1 Kc6 34.b3 R6f7 35.Kd3 a5
36.Ra2 Ra7 37.Rfa1 Rfa8 38.e4 fxe4+ 39.Kxe4 a4 40.c4 axb3 41.cxb5+ Kb6 42.Rxa7 Rxa7
43.Rb1 Ra3 44.Ke5 Kxb5 45.Kxe6 Kc4 46.d5 Kc3 47.d6 Kc2 48.d7 Ra8 49.Ra1 Rb8
50.Ra7 b2 51.Rc7+ Kb3 52.Rc8 Rb6+ 53.Ke5 b1=Q 54.d8=Q Qe1+ 55.Kd5 Qe6+ 56.Kc5 Qe3+
57.Kd5 Rb5+ 58.Kd6 Qe5+ 59.Kc6 Qc5+ 60.Kd7 Qd5+ 61.Ke8 Qe6+ 62.Kf8 Rf5+ 63.Kg7 Rf7+  0-1

[Event "EU-chT (Men)"]
[Site "Pula"]
[Date "1997.??.??"]
[Round "5"]
[White "Blatny, Pavel"]
[Black "Relange, Eloi"]
[Result "0-1"]
[WhiteElo "2540"]
[BlackElo "2480"]

1.Nf3 Nf6 2.b3 c5 3.Bb2 Nc6 4.e3 g6 5.g3 d5 6.Bg2 Bg7 7.O-O O-O 8.d4 cxd4
9.exd4 Bg4 10.Nbd2 b5 11.h3 Bxf3 12.Nxf3 Qb6 13.Ne5 Rac8 14.Re1 e6 15.Nxc6 Rxc6
16.c3 a5 17.Rb1 Rfc8 18.Qd3 Ne8 19.h4 b4 20.c4 dxc4 21.bxc4 Rxc4 22.d5 Rc2
23.Re2 Rxb2 24.Rbxb2 Bxb2 25.dxe6 Bd4 26.exf7+ Kxf7 27.Bd5+ Kg7 28.h5 Qf6
29.Qb5 Qd6 30.Bg2 Nf6 31.Qg5 Nxh5 32.Re7+ Kh8 33.Rf7 Qxg3 34.Qh6 Ng7 35.Qd2 Qe5  0-1

[Event "EU-chT (Men)"]
[Site "Pula"]
[Date "1997.??.??"]
[Round "8"]
[White "Kurajica, Bojan"]
[Black "Blatny, Pavel"]
[Result "1/2-1/2"]
[WhiteElo "2545"]
[BlackElo "2540"]

1.d4 d5 2.c4 e6 3.Nf3 c6 4.Qc2 Nd7 5.g3 g6 6.e4 dxe4 7.Qxe4 Bg7 8.Bg2 Ngf6
9.Qe2 O-O 10.O-O Qe7 11.Nc3 Rd8 12.Bf4 Ne8 13.Rfe1 Nf8 14.Rad1 f6 15.h4 h6
16.Nh2 g5 17.hxg5 hxg5 18.Bc1 Qf7 19.Bf3 Nd6 20.Bh5 Qe7 21.d5 Nf5 22.Qf3 e5
23.Bg4 Nh6 24.Bxc8 Raxc8 25.Ng4 Nxg4 26.Qxg4 Qf7 27.Be3 cxd5 28.Nxd5 b6 29.b3 Re8
30.Qf5 Qe6 31.g4 Kf7 32.Nc3 Rc6 33.a4 Ng6 34.Rd7+ Re7 35.Qxe6+ Rxe6 36.Red1 Bf8
37.Nb5 a5 38.Nd6+ Kg8 39.Nf5 Rxd7 40.Rxd7 Nf4 41.Kf1 Bc5 42.Ng3 e4 43.Nf5 Nd3
44.Ke2 Bxe3 45.Kxe3 Ne5 46.Nh6+ Kf8 47.Rb7 Nd3 48.Rb8+ Ke7 49.Nf5+ Kd7 50.Ng7 Rd6
51.Kxe4 Nxf2+ 52.Kf5 Nd1 53.Rb7+ Kd8 54.Kg6 Ne3 55.Nf5 Nxf5 56.Kxf5 Ke8 57.Kg6 Re6
58.Rb8+ Ke7 59.Rb7+ Ke8 60.Rb8+ Ke7 61.Kg7 Rd6 62.Rf8 Rd3 63.Rf7+ Ke8  1/2-1/2

[Event "CZE-ch"]
[Site "Zlin"]
[Date "1997.??.??"]
[Round "6"]
[White "Freisler, Pavel"]
[Black "Blatny, Pavel"]
[Result "1/2-1/2"]
[WhiteElo "2365"]
[BlackElo "2540"]

1.d4 g6 2.e4 c6 3.Nc3 d5 4.Nf3 Bg7 5.h3 Nf6 6.Bd3 dxe4 7.Nxe4 Nxe4 8.Bxe4 Nd7
9.O-O O-O 10.Re1 e5 11.dxe5 Nxe5 12.Qxd8 Nxf3+ 13.Bxf3 Rxd8 14.Bg5 f6 15.Bf4 Kf7
16.Rad1 Rxd1 17.Rxd1 Be6 18.b3 Bf8 19.Bg4 f5 20.Be2 Re8 21.Kf1 Bd5 22.g3 Bc5
23.c4 Be6 24.h4 a5 25.a4 Bb4 26.Rd3 Be7 27.Bc7 Ra8 28.f4 Bb4 29.Rd8 Rxd8
30.Bxd8 b5 31.Bd3 Ke8 32.Bb6 bxa4 33.bxa4 Kd7 34.Bd4 Kd6 35.Ke2 Bd7 36.Bc2 Be8
37.Bb3 Bf7 38.Bf2 Be6 39.Bd4 Bc8 40.Bc2 Bd7 41.Bb3 Ke6 42.Bc2 Kf7 43.Bb3 Be6
44.Be5 Bc8 45.Bc2 Ke7 46.Bg7 Bb7 47.Bd4 Ke6 48.Bd3 c5 49.Bf2 Kf6 50.Bc2 Bc6
51.Be3 Kg7 52.Kf2 Kh6 53.Bd1 Be4 54.Bb3 Kg7 55.Ke2 Kh6 56.Kf2 Bd3 57.Kg2 Kg7
58.Kf2 Kf6 59.Kg2 Ke7 60.Kf2 Kd6 61.Kf3 Bc3 62.Kf2 Bb4 63.Kf3 Be1 64.Bf2 Be4+
65.Ke2 Bc3 66.Be3 Bb4 67.Kf2 Ke6 68.Ke2 Kf6 69.Kf2 Kg7 70.Ke2 Kh6 71.Kf2 Bb1
72.Kg2 Kg7 73.Kf2 Kf7 74.Ke2 Kf6 75.Kf2 Ke7 76.Ke2 Kd6 77.Kf2 h6 78.Ke2 Be4
79.Kf2 Bd3 80.Kf3 Be1 81.Bf2 Bc3 82.Be3 Kc6 83.Kf2 Kd6 84.Kf3 Be1 85.Bf2 Bxf2
86.Kxf2 Be4 87.Ke3 Bc6 88.Bd1 Ke7 89.Bc2 Kf6 90.Bd1 g5 91.hxg5+ hxg5 92.Bc2 Bd7
93.Kf3 Be8 94.Ke3 Bh5 95.Bb3 Bg4 96.Bc2 Bh3 97.Bd3 Bg2 98.Be2 Be4 99.Bd1 Bb1
100.Bb3 Kg6 101.Bd1 Ba2 102.Kd3 Kh6 103.fxg5+ Kxg5 104.Bc2 f4 105.gxf4+ Kxf4
106.Kc3 Ke3 107.Bg6 Ke2 108.Bf5 Kd1 109.Bc2+ Kc1 110.Bg6 Bb1 111.Bc2  1/2-1/2

[Event "New York op"]
[Site "New York"]
[Date "1998.03.19"]
[Round "6"]
[White "Kreiman, Boris"]
[Black "Blatny, Pavel"]
[Result "0-1"]
[WhiteElo "2445"]
[BlackElo "2560"]

1.e4 e6 2.d4 d5 3.Nc3 dxe4 4.Nxe4 Be7 5.Nf3 Nf6 6.Nxf6+ Bxf6 7.c3 b6 8.Bd3 Bb7
9.Qe2 Nd7 10.Bf4 O-O 11.O-O-O Re8 12.h4 Nf8 13.Kb1 Qe7 14.g4 e5 15.dxe5 Bxe5
16.Nxe5 Bxh1 17.Rxh1 f6 18.Be4 fxe5 19.Bxa8 exf4 20.Qc4+ Kh8 21.Bc6 Qe6 22.Qxe6 Rxe6
23.Bf3 g5 24.hxg5 Kg7 25.Rd1 Rd6 26.Re1 Re6 27.Rd1 Rd6 28.Re1 Re6 29.Rh1 Re5
30.Rd1 Ne6 31.Rd2 Nxg5 32.Bc6 Kf6 33.Kc2 Re6 34.Bb7 Rd6 35.Re2 Re6 36.Rd2 Rd6
37.Re2 c6 38.Re8 Nf3 39.Re2 h6 40.Bc8 Kg5 41.b4 Rd5 42.Bf5 Re5 43.Be4 Ng1
44.Re1 Nh3 45.f3 Nf2 46.Re2 Nxe4 47.Kd3 Nc5+ 48.bxc5 Rxe2 49.Kxe2 b5 50.Kf2 a5
51.Kg2 h5 52.gxh5 Kxh5 53.Kh2 a4 54.a3 Kg5 55.Kh3 Kf5 56.Kh4 Ke5 57.Kg5 Kd5
58.Kxf4 Kc4 59.Kg5 Kxc3 60.f4 b4 61.f5 bxa3 62.f6 a2 63.f7 a1=Q 64.f8=Q Qg1+
65.Kh6 Qe3+ 66.Kh7 Qe4+ 67.Kh8 a3 68.Qf1 Qd4+  0-1

[Event "CZE-ch"]
[Site "Zlin"]
[Date "1998.06.14"]
[Round "2"]
[White "Blatny, Pavel"]
[Black "Konopka, Michal"]
[Result "0-1"]
[WhiteElo "2560"]
[BlackElo "2445"]

1.Nf3 g6 2.e4 Bg7 3.d4 d6 4.Nc3 Nf6 5.Be2 O-O 6.O-O c6 7.a4 Bg4 8.Be3 Nbd7
9.Qd2 Qc7 10.Rfd1 Rfd8 11.Bh6 e5 12.Bxg7 Kxg7 13.Ng5 Bxe2 14.Qxe2 h6 15.Nf3 a5
16.Rd2 Re8 17.d5 Nc5 18.Qc4 Rad8 19.Rad1 Qb6 20.dxc6 bxc6 21.Rxd6 Rxd6 22.Rxd6 Qxb2
23.g3 Ne6 24.Rxc6 Qxc2 25.Kg2 Rd8 26.h3 g5 27.Ne1 Qd2 28.Nf3 Qc2 29.Qb5 g4
30.hxg4 Nxg4 31.Qb6 Rb8 32.Nd5 Qe2 33.Qxb8 Qxf2+ 34.Kh3 Qxf3 35.Rxe6 Nf2+
36.Kh2 Qh1+  0-1

[Event "CZE-ch"]
[Site "Zlin"]
[Date "1998.06.15"]
[Round "3"]
[White "Gross, David"]
[Black "Blatny, Pavel"]
[Result "0-1"]
[WhiteElo "2425"]
[BlackElo "2560"]

1.e4 e6 2.d4 d5 3.Nc3 dxe4 4.Nxe4 Be7 5.Nf3 Nf6 6.Bd3 Nbd7 7.Qe2 Nxe4 8.Bxe4 a6
9.O-O Nf6 10.Bd3 b6 11.Rd1 Bb7 12.c4 c5 13.dxc5 Bxc5 14.Bg5 Qe7 15.Nd2 Rd8
16.Be4 h6 17.Bxf6 gxf6 18.Qf3 Bxe4 19.Nxe4 Bd4 20.Rd2 f5 21.Ng3 O-O 22.Rad1 Bc5
23.Qf4 Rxd2 24.Rxd2 Kh7 25.h3 Rd8 26.Nf1 a5 27.b3 Rxd2 28.Qxd2 Qf6 29.a4 Qe5
30.g3 Qe4 31.Kh2 Qb1 32.Qe2 Qxb3 33.g4 Qxa4 34.gxf5 Qd7 35.fxe6 Qxe6 36.Qd3+ Qg6
37.Qf3 a4 38.Ng3 a3 39.Ne4 Bd4 40.h4 a2  0-1

[Event "CZE-ch"]
[Site "Zlin"]
[Date "1998.06.16"]
[Round "4"]
[White "Blatny, Pavel"]
[Black "Cvek, Robert"]
[Result "1/2-1/2"]
[WhiteElo "2560"]
[BlackElo "2405"]

1.Nf3 Nf6 2.c4 e6 3.g3 b6 4.Bg2 Bb7 5.b3 c5 6.Bb2 Be7 7.O-O a6 8.Nc3 d6 9.d4 cxd4
10.Nxd4 Bxg2 11.Kxg2 Qc7 12.e4 O-O 13.Qe2 Nbd7 14.f4 Rfe8 15.g4 g6 16.Rae1 Qb7
17.Kh1 Bf8 18.Qf3 Bg7 19.Nde2 b5 20.cxb5 axb5 21.Ng3 Rec8 22.Re2 Rc7 23.h4 Rac8
24.Nd1 Rc2 25.Rff2 Rxe2 26.Rxe2 Nc5 27.Nf2 d5 28.e5 Nfe4 29.Ngxe4 Nxe4 30.Nxe4 dxe4
31.Qxe4 Qxe4+ 32.Rxe4 Rc2 33.Ba3 Rxa2 34.Bd6 Rd2 35.Rb4 Rd5 36.Kg2 f6 37.Kf3 fxe5
38.fxe5 Bxe5 39.Bxe5 Rxe5 40.Rd4 g5 41.Rd8+ Kg7 42.Rd7+ Kg8 43.h5 Rd5 44.Rb7 Rd3+
45.Ke4 Rxb3 46.Ke5 Rf3 47.Kxe6 h6 48.Rxb5 Rf4 49.Rb6 Kg7  1/2-1/2

[Event "CZE-ch"]
[Site "Zlin"]
[Date "1998.06.17"]
[Round "5"]
[White "Jansa, Vlastimil"]
[Black "Blatny, Pavel"]
[Result "0-1"]
[WhiteElo "2480"]
[BlackElo "2560"]

1.e4 e5 2.Nf3 Nc6 3.Bb5 a6 4.Ba4 Nf6 5.O-O Be7 6.Re1 b5 7.Bb3 O-O 8.h3 Bb7
9.d3 d6 10.a3 Nd4 11.Nxd4 exd4 12.c3 dxc3 13.Nxc3 c5 14.Bf4 d5 15.Nxd5 Nxd5
16.Bxd5 Bxd5 17.exd5 Bd6 18.Bd2 Qf6 19.Bc3 Qf5 20.Qg4 Qxg4 21.hxg4 Rfd8 22.Ba5 Rd7
23.b4 Bf8 24.bxc5 Bxc5 25.Bb4 Bf8 26.Bxf8 Kxf8 27.a4 b4 28.a5 Rxd5 29.Reb1 Rb8
30.Rb3 Rd4 31.f3 Ke7 32.Kf2 Kd6 33.Ke3 Kd5 34.Kd2 Kc5 35.Rh1 Kb5 36.Ra1 Re8
37.Rbb1 g6 38.Rb3 h5 39.gxh5 gxh5 40.Rh1 Re5 41.Ra1 f5 42.g3 f4 43.gxf4 Rxf4
44.Rc1 Kxa5 45.Rc4 Rxc4 46.dxc4 h4 47.Rb1 h3 48.Kd3 h2 49.Rh1 Rh5 50.f4 Kb6
51.f5 Kc5 52.f6 Rh7 53.f7 Rxf7 54.Rxh2 Rd7+ 55.Kc2 Kxc4 56.Rh5 Rd5 57.Rh4+ Kb5  0-1

[Event "CZE-ch"]
[Site "Zlin"]
[Date "1998.06.20"]
[Round "8"]
[White "Blatny, Pavel"]
[Black "Velicka, Petr"]
[Result "0-1"]
[WhiteElo "2560"]
[BlackElo "2430"]

1.Nf3 d5 2.b3 Bg4 3.e3 Nf6 4.Bb2 e6 5.Be2 Bd6 6.d3 O-O 7.Nbd2 Qe7 8.a3 c5
9.Nh4 Bxe2 10.Qxe2 Nc6 11.g3 Be5 12.c3 Nd7 13.f4 Bf6 14.Ng2 Rfe8 15.e4 g6
16.O-O Bg7 17.Qf3 Rad8 18.exd5 exd5 19.Rfe1 Qd6 20.g4 b5 21.Ne3 d4 22.cxd4 Nxd4
23.Qf2 Nc2 24.Nxc2 Bxb2 25.Ne4 Qxd3 26.Rad1 Qxb3 27.g5 Nf8 28.Rxd8 Rxd8 29.Nxc5 Qc4
30.Ne4 Bg7 31.h4 Ne6 32.h5 Nxf4 33.Qxf4 Qxc2 34.h6 Bd4+ 35.Kf1 Qc4+ 36.Kg2 Qc6
37.Qf3 Kf8 38.Rf1 f5 39.gxf6 Rd5 40.Ng3 Be5 41.Ne4 Bc7 42.Qg4 Re5 43.Re1 Rf5
44.Rf1 Qc2+ 45.Rf2 Rxf2+ 46.Nxf2 Bb6 47.Qb4+ Bc5  0-1

[Event "CZE-ch"]
[Site "Zlin"]
[Date "1998.06.21"]
[Round "9"]
[White "Vokac, Marek"]
[Black "Blatny, Pavel"]
[Result "1-0"]
[WhiteElo "2510"]
[BlackElo "2560"]

1.g3 e5 2.Bg2 Nc6 3.d3 g6 4.c3 Bg7 5.e4 d6 6.Nd2 a5 7.a4 Be6 8.Ngf3 h6 9.O-O Qd7
10.Re1 Bh3 11.Qb3 b6 12.d4 Nge7 13.dxe5 dxe5 14.Nc4 Bxg2 15.Kxg2 Qe6 16.Be3 O-O
17.Nfd2 Rad8 18.Na3 Qc8 19.Rad1 Kh7 20.f3 f5 21.Bf2 h5 22.Qc2 f4 23.gxf4 Rxf4
24.Bg3 Rf7 25.Nac4 g5 26.h3 Ng6 27.Ne3 Rdf8 28.Rh1 Bh6 29.Nf5 Nce7 30.Nc4 Rxf5
31.exf5 Nxf5 32.Qd3 Bg7 33.Rhe1 Kh6 34.Qd7 Nfh4+ 35.Bxh4 Nxh4+ 36.Kh1 Qxd7
37.Rxd7 Rxf3 38.Re3 e4 39.Rxe4 Rxh3+ 40.Kg1 Rg3+ 41.Kf2 Rf3+ 42.Ke2 g4 43.Ne3 Ng6
44.Rxc7 Nf4+ 45.Kd1 Bf6 46.Rc6 Kg5 47.Rxb6 g3 48.Re8 Rxe3 49.Rxe3 h4 50.Ke1 Kf5
51.Kf1 Bg5 52.Rb5+ Kg4 53.b4 Nh3 54.Rd3 Nf4 55.Re3 Bh6 56.Rb8 Ng6 57.Re6 g2+
58.Kg1 Kh3 59.Rg8 Ne5 60.Rxe5 Bf4 61.Re4 Bh2+ 62.Kf2 Bg3+ 63.Rxg3+ hxg3+
64.Kg1 axb4 65.Re2  1-0

[Event "CZE-ch"]
[Site "Zlin"]
[Date "1998.06.22"]
[Round "10"]
[White "Blatny, Pavel"]
[Black "Pisk, Petr"]
[Result "1/2-1/2"]
[WhiteElo "2560"]
[BlackElo "2310"]

1.d4 Nf6 2.Nf3 g6 3.Nc3 d6 4.e4 Bg7 5.Be2 O-O 6.O-O c6 7.h3 Nbd7 8.Bg5 h6
9.Be3 e5 10.dxe5 dxe5 11.Nd2 b5 12.a4 b4 13.Na2 Qe7 14.c3 bxc3 15.Nxc3 Rd8
16.Nb3 Nf8 17.Qc1 Ne6 18.Bc4 Rb8 19.Bxh6 Bxh6 20.Qxh6 Rb4 21.Bxe6 Bxe6 22.Nd2 Rxb2
23.Nf3 Bc4 24.Rfd1 Re8 25.Re1 Nh5 26.Nd1 Re2 27.Ne3 Rxe1+ 28.Rxe1 Be6 29.Nxe5 Bxh3
30.Nf3 Bc8 31.g4 Ng7 32.e5 Ne6 33.Kg2 Qf8 34.Qh2 Bb7 35.Nc4 c5 36.Nd6 Bc6
37.Nxe8 Bxe8 38.Rh1 Qg7 39.Rb1 g5 40.Rb8 Nf4+ 41.Kg1 Kf8 42.Nxg5 Qxe5 43.Qh6+ Ke7
44.Rb7+ Bd7 45.Nf3 Qe4 46.Qg5+ Kd6 47.Qf6+ Ne6 48.Qe5+ Qxe5 49.Nxe5 Bxa4
50.Nxf7+ Kc6 51.Rxa7 Bb3 52.g5 c4 53.Ra6+ Kd7 54.Ne5+ Ke7 55.Rb6 Nxg5 56.Ng6+ Kd7
57.f4 Ne4 58.f5 Kc7 59.Re6 Nc5 60.Re3 Bc2 61.Ne7 Ne4 62.Nd5+ Kd6 63.f6 Ng5
64.Nc3 Bd3 65.Kf2 Nh7 66.f7 Bg6 67.Rg3 Nf8 68.Rf3 Ke6 69.Ne2 Ke7 70.Nd4 Nd7
71.Ke3 Bxf7 72.Nf5+ Kd8 73.Kd4 Bg8 74.Ra3 Be6 75.Ra8+ Kc7 76.Ng7 Bf7 77.Ra3 Kd6
78.Nf5+ Kc6 79.Ra6+ Kb7 80.Rh6 Kc7 81.Nd6 Bg8 82.Nb5+ Kd8 83.Nd6 Kc7 84.Rg6 Bh7
85.Nb5+ Kd8 86.Rg7 Bf5 87.Kd5 Bh3 88.Kd6 Ke8 89.Rg3 Bf5 90.Rf3 Bg6 91.Nc7+ Kd8
92.Rg3 Nf8 93.Ra3 Be4 94.Re3 Bg6 95.Rh3 Nh7 96.Rf3 Kc8 97.Ra3 Kb7 98.Rg3 Bd3
99.Rg7 Kb6 100.Nd5+ Kb5 101.Rb7+ Ka4 102.Kc5 Ng5 103.Kd4 Ne4 104.Rb8 Ka5
105.Nc3 Nxc3 106.Kxc3 Ka4 107.Rb4+ Ka5 108.Rxc4 Bxc4 109.Kxc4  1/2-1/2

[Event "World op"]
[Site "Philadelphia"]
[Date "1998.06.27"]
[Round "1"]
[White "Ritvin, Stanislav"]
[Black "Blatny, Pavel"]
[Result "1/2-1/2"]
[WhiteElo "2205"]
[BlackElo "2560"]

1.e4 e5 2.Nf3 Nc6 3.d4 exd4 4.Bc4 Nf6 5.O-O Nxe4 6.Re1 d5 7.Nc3 dxc3 8.Bxd5 Be6
9.Bxe4 Bb4 10.b3 Qxd1 11.Rxd1 h6 12.Bf4 Ba5 13.Ne5 Nxe5 14.Bxe5 O-O 15.Bxb7 Rad8
16.Be4 Rfe8 17.Bc6 Bg4 18.f3 Rxd1+ 19.Rxd1 Bxf3 20.Bxf3 Rxe5 21.Kf1 Re7 22.Re1 Rd7
23.Rd1 Re7 24.Re1 Kf8 25.Rxe7 Kxe7 26.Ke2 Kd6 27.Kd3 Ke5 28.a3 f5 29.b4 Bb6
30.Kxc3 Bg1 31.h3 Kf4 32.Kd3 g5 33.c4 Bf2 34.c5 g4 35.hxg4  1/2-1/2

[Event "Saitek US Masters"]
[Site "Hawaii"]
[Date "1998.07.26"]
[Round "6"]
[White "De Guzman, Ricardo"]
[Black "Blatny, Pavel"]
[Result "0-1"]
[WhiteElo "2400"]
[BlackElo "2520"]

1.d4 Nf6 2.Nf3 d5 3.Bg5 e6 4.c3 Be7 5.Nbd2 Nfd7 6.Bf4 g5 7.Bg3 f5 8.e3 O-O
9.h3 Bd6 10.Bxd6 cxd6 11.Qc2 Qf6 12.O-O-O Nb6 13.g4 e5 14.dxe5 dxe5 15.h4 e4
16.hxg5 Qg7 17.gxf5 Rxf5 18.Nxe4 dxe4 19.Rd8+ Rf8 20.Qb3+ Kh8 21.Ne5 Rxd8
22.Nf7+ Kg8 23.Nxd8+ Kf8 24.Ne6+ Bxe6 25.Qxe6 Qg6 26.Qg4 N8d7 27.Rh6 Qf7
28.Qh4 Kg8 29.g6 Qg7 30.Rxh7 Qxg6 31.Rh5 Kf7 32.Rh7+ Kg8 33.Rh5 Kf7 34.Qf4+ Nf6
35.Rg5 Qh7 36.Rf5 Qg7 37.Qxe4 Qg1 38.Qg2 Rg8 39.Qh3 Rg6 40.Kc2 Kg7 41.Bd3 Nbd7
42.e4 Ng4 43.Qh4 Ndf6 44.c4 Qe1 45.Qg3 Nd7 46.Qf4 Kg8 47.c5 Nge5 48.Rxe5 Nxe5
49.Qxe5 Qxf2+ 50.Kb3 Kh7 51.Qe7+ Kh6 52.e5 Rg3 53.Qh7+ Kg5 54.Qg6+ Kh4 55.Qh7+ Kg4
56.Qd7+ Kf4 57.e6 Qxc5 58.e7 b5  0-1

[Event "Cardoza US op"]
[Site "Kona"]
[Date "1998.08.05"]
[Round "5"]
[White "Bhat, Vinay S"]
[Black "Blatny, Pavel"]
[Result "0-1"]
[WhiteElo "2235"]
[BlackElo "2520"]

1.e4 Nf6 2.e5 Nd5 3.c4 Nb6 4.d4 d6 5.exd6 exd6 6.Nc3 Be7 7.Be3 O-O 8.Be2 Re8
9.Qd2 Nc6 10.b3 Bf8 11.h3 Ne7 12.Bg5 h6 13.Bh4 g5 14.Bg3 Nf5 15.Bh2 Bg7 16.Nf3 Qf6
17.Rd1 Bd7 18.O-O Bc6 19.a4 Bxf3 20.Bxf3 Nxd4 21.Bxb7 Rab8 22.Nd5 Qd8 23.Ba6 Re2
24.Qd3 Rb2 25.Rb1 Nxd5 26.Rxb2 Nb4 27.Qd1 Nxa6 28.Rb1 Nc5 29.b4 Ne4 30.Qd3 Nc3
31.Rb2 Nxa4 32.Rbb1 Nc3 33.Rb2 a5 34.b5 Na4 35.Ra2 Nc5 36.Qd2 a4 37.f4 Ne4
38.Qd3 f5 39.Kh1 Qf6 40.Bg1 g4 41.Rxa4 Qh4 42.Ra3 Nf3 43.Rxf3 gxf3 44.Qxf3 Qe1
45.Kh2 Nd2 46.Qd5+ Kh8 47.b6 cxb6 48.Ra7 Nf1+ 49.Kh1 Ng3+ 50.Kh2 Ne2 51.Bxb6 Qg3+
52.Kh1 Nxf4  0-1

[Event "Cardoza US op"]
[Site "Kona"]
[Date "1998.08.06"]
[Round "6"]
[White "Blatny, Pavel"]
[Black "Rogers, Ian"]
[Result "1/2-1/2"]
[WhiteElo "2520"]
[BlackElo "2605"]

1.Nf3 d5 2.b3 Nf6 3.Bb2 e6 4.e3 c5 5.g3 Nc6 6.Bg2 Be7 7.O-O O-O 8.c4 b6 9.Nc3 Bb7
10.cxd5 exd5 11.d4 Ne4 12.dxc5 Bf6 13.Qc1 Nxc5 14.Rd1 Nb4 15.Ne1 Rc8 16.Qd2 a5
17.Nb5 Ba6 18.Bxf6 Qxf6 19.Nd4 Ne4 20.Qb2 Rfe8 21.Rac1 Rc5 22.a3 Nc6 23.b4 axb4
24.axb4 Rxc1 25.Rxc1 Nxd4 26.exd4 Bc4 27.Nf3 b5 28.Ne5 Nd6 29.Ra1 Qe6 30.h3 f6
31.Ng4 Nf5 32.Qd2 Qb6 33.Re1 Rxe1+ 34.Qxe1 Kf7 35.Ne3 Nxd4 36.Nxd5 Qe6 37.Qd1 Bxd5  1/2-1/2

[Event "Cardoza US op"]
[Site "Kona"]
[Date "1998.08.08"]
[Round "8"]
[White "Blatny, Pavel"]
[Black "Shaked, Tal"]
[Result "1/2-1/2"]
[WhiteElo "2520"]
[BlackElo "2490"]

1.Nf3 c5 2.e4 e6 3.c3 Nf6 4.e5 Nd5 5.d4 cxd4 6.cxd4 d6 7.Bc4 Nb6 8.Bb3 dxe5
9.Nxe5 Nc6 10.Nxc6 bxc6 11.O-O Be7 12.Nc3 O-O 13.Bc2 Ba6 14.Re1 c5 15.dxc5 Qxd1
16.Rxd1 Bxc5 17.Na4 Nxa4 18.Bxa4 Rfd8 19.Bf4 Bb7 20.Bb3 Kf8 21.Bc7 Rxd1+
22.Rxd1 Ke7 23.Ba5 Rc8 24.Kf1 g5 25.Bd2 g4 26.Rc1 Bd6 27.Rxc8 Bxc8 28.Be3 a6
29.h3 gxh3 30.gxh3 Be5 31.Bc1 Kd6 32.Bd1 Bd4 33.h4 e5 34.Bb3 Be6 35.Bxe6 Kxe6
36.Ke2 h5 37.b3 f5 38.Be3 Bb2 39.f3 Kd5 40.Kd3 Ba3 41.Bg5  1/2-1/2

[Event "Krynica zt"]
[Site "Krynica"]
[Date "1998.09.09"]
[Round "8"]
[White "Groszpeter, Attila"]
[Black "Blatny, Pavel"]
[Result "1-0"]
[WhiteElo "2505"]
[BlackElo "2520"]

1.e4 e5 2.Nf3 Nc6 3.Bb5 a6 4.Ba4 Nf6 5.O-O Be7 6.Re1 b5 7.Bb3 O-O 8.c3 d5
9.exd5 Nxd5 10.Nxe5 Nxe5 11.Rxe5 c6 12.Bxd5 cxd5 13.d4 Bd6 14.Re3 Qh4 15.h3 Qf4
16.Re5 Qf6 17.Re1 Qg6 18.Qf3 Bf5 19.Be3 Rae8 20.Nd2 Re4 21.Nxe4 dxe4 22.Qe2 Bxh3
23.f4 Bg4 24.Qf2 Qh5 25.a4 f5 26.axb5 axb5 27.Ra6 Rf6 28.Ra8+ Kf7 29.b4 Kg6
30.d5 Kh6 31.Ra6 Bf3 32.Qg3 Bxg2 33.Rea1 Rg6 34.Bc5  1-0

[Event "Elista ol (Men)"]
[Site "Elista"]
[Date "1998.10.02"]
[Round "4"]
[White "Pihlajasalo, Antti"]
[Black "Blatny, Pavel"]
[Result "0-1"]
[WhiteElo "2450"]
[BlackElo "2520"]

1.e4 c5 2.Nc3 Nc6 3.g3 g6 4.Bg2 Bg7 5.d3 d6 6.Be3 e5 7.h4 h5 8.Nh3 Nh6 9.Nd5 Ng4
10.Bg5 f6 11.Bd2 Ne7 12.Nxe7 Qxe7 13.O-O Bh6 14.f4 O-O 15.f5 Bxd2 16.Qxd2 gxf5
17.exf5 Qh7 18.Be4 Kh8 19.Nf2 Nh6 20.Nd1 Rg8 21.Qf2 Qg7 22.Ne3 Qxg3+ 23.Qxg3 Rxg3+
24.Kf2 Rg8 25.Rg1 Bd7 26.Bxb7 Rab8 27.Bd5 Rxg1 28.Rxg1 Nxf5 29.Rg6 Rf8 30.Be4 Nxe3
31.Kxe3 Bg4 32.Rh6+ Kg8 33.Rg6+ Kf7 34.Rh6 d5 35.Rh7+ Kg8 36.Bg6 f5 37.Re7 Rf6
38.Be8 d4+ 39.Kd2 e4 40.dxe4 fxe4 41.Rxe4 Rf2+ 42.Ke1 Rxc2 43.Ba4 Rxb2 44.Bb3+ Kf8
45.Re5 d3 46.Rd5 Re2+ 47.Kf1 d2 48.Rf5+ Ke7 49.Rxc5 Re1+ 50.Kf2 d1=Q 51.Bxd1 Rxd1
52.Ra5 Rd7  0-1

[Event "Elista ol (Men)"]
[Site "Elista"]
[Date "1998.10.03"]
[Round "5"]
[White "Shirov, Alexei"]
[Black "Blatny, Pavel"]
[Result "1-0"]
[WhiteElo "2720"]
[BlackElo "2520"]

1.e4 e5 2.Nf3 Nc6 3.Bb5 a6 4.Ba4 Nf6 5.O-O Be7 6.Re1 b5 7.Bb3 O-O 8.a4 Bb7
9.d3 d6 10.Nbd2 Nd7 11.c3 Nc5 12.Bc2 Nxa4 13.Bxa4 bxa4 14.Qxa4 Kh8 15.Nc4 f5
16.Ne3 fxe4 17.dxe4 Qe8 18.Nf5 Bd8 19.Bg5 g6 20.Ne3 Kg7 21.Nd5 Qf7 22.Be3 h6
23.c4 g5 24.c5 Ne7 25.Nc3 Qe6 26.Rad1 Bc6 27.Qc2 Ng6 28.Nd2 h5 29.cxd6 cxd6
30.Nf1 h4 31.Qd2 h3 32.Ng3 hxg2 33.Qxd6 Qc8 34.Nd5 Ba4 35.Nf5+ Rxf5 36.Rc1 Bc2
37.exf5 Qxf5 38.Bd2 Nh4 39.Re3 Rc8 40.Bc3 Kh7 41.Qxe5 Qxe5 42.Bxe5 Rc5 43.Nb4 Bb6
44.Nxc2 Rxe5 45.Rxe5 Nf3+ 46.Kxg2 Nxe5 47.Ne3 Nd3 48.Rc6 Bd4 49.b3  1-0